000 00398nam a2200133Ia 4500
003 GCL
008 140319s9999 xx 000 0 ara d
040 _aGCL /
_cGCL
082 0 4 _a811.9
_bك ف
100 1 _aكيلانى حسن سند
245 1 0 _aفى العاصفة : شعر (هدية من الاديب عبدالفتاح الجمل) /
_cكيلانى حسن سند
300 _a87 ص
490 _a
999 _c47542
_d47542